00480nam a2200145Ia 4500008004100000020001400041040001400055050001000069245006400079260004100143300004900184500005100233700003500284999001500319 1994 e 1 eng  a851987745 aNG- ZaABU aSF 91 0aLivestock HousingcEdited by C. M. Wathes and D.R. Charles aWallingfordbCAB Internationalc1994 axi,428p.; ill., diagrs, pictures and tables aIncludes bibliographical references and index aCharles, D. R.;a Wathes, C. M. c3446d3446